| 000 | 00667nam a22002171c 4500 | ||
|---|---|---|---|
| 001 | ht017636510 | ||
| 008 | 131111s2014 gw |||| 000u ger d | ||
| 020 |
_a9783110305623 _9978-3-11-030562-3 |
||
| 041 | _ager | ||
| 100 | 1 | _aSchulte, Marion | |
| 245 | 0 | 0 |
_aÜber die bürgerlichen Verhältnisse der Juden in Preußen : _bZiele und Motive der Reformzeit (1787 - 1812) / _cMarion Schulte |
| 264 |
_aBerlin [u.a.] : _bDe Gruyter, _c2014 |
||
| 300 | _a400 S. | ||
| 650 | 0 | _aPreußen | |
| 650 | 0 | _aJuden | |
| 650 | 0 | _aGeschichte 1787-1812 | |
| 942 | _cMG | ||
| 040 | _cRU-10907106 | ||
| 003 | RU-10907106 | ||
| 999 |
_c25471 _d25471 |
||
| 490 | 0 |
_aEuropäisch-jüdische Studien : Beiträge _v11 |
|